<?xml version="1.0" encoding="UTF-8"?><?xml-stylesheet type="text/xsl" href="static/style.xsl"?><OAI-PMH xmlns="http://www.openarchives.org/OAI/2.0/" xmlns:xsi="http://www.w3.org/2001/XMLSchema-instance" xsi:schemaLocation="http://www.openarchives.org/OAI/2.0/ http://www.openarchives.org/OAI/2.0/OAI-PMH.xsd"><responseDate>2026-04-17T06:37:36Z</responseDate><request verb="GetRecord" identifier="oai:www.recercat.cat:2099.1/12269" metadataPrefix="marc">https://recercat.cat/oai/request</request><GetRecord><record><header><identifier>oai:recercat.cat:2099.1/12269</identifier><datestamp>2025-07-22T17:25:27Z</datestamp><setSpec>com_2072_1033</setSpec><setSpec>col_2072_452951</setSpec></header><metadata><record xmlns="http://www.loc.gov/MARC21/slim" xmlns:dcterms="http://purl.org/dc/terms/" xmlns:xsi="http://www.w3.org/2001/XMLSchema-instance" xmlns:doc="http://www.lyncode.com/xoai" xsi:schemaLocation="http://www.loc.gov/MARC21/slim http://www.loc.gov/standards/marcxml/schema/MARC21slim.xsd">
   <leader>00925njm 22002777a 4500</leader>
   <datafield ind2=" " ind1=" " tag="042">
      <subfield code="a">dc</subfield>
   </datafield>
   <datafield ind2=" " ind1=" " tag="720">
      <subfield code="a">Pérez Mir, Gerard</subfield>
      <subfield code="e">author</subfield>
   </datafield>
   <datafield ind2=" " ind1=" " tag="260">
      <subfield code="c">2011-04</subfield>
   </datafield>
   <datafield ind2=" " ind1=" " tag="520">
      <subfield code="a">El present estudi pretén obtenir els paràmetres de reglatge de suspensió necessaris per tal d’aconseguir un comportament dinàmic ideal del vehicle Hiriko CityCar. El sistema de suspensió és de tipus interconnectat hidropneumàtic, i els paràmetres consisteixen en dues families: les relatives a rigidesa, incloent les pressions i els volums de reglatge de les cambres d’expansió hidropneumàtiques presents, i les relatives a l’amortiment, consistents en els coeficients de pèrdua de càrrega de les vàlvules d’estrangulament hidràuliques.&#xd;
Com a pas previ, i partint de les condicions de disseny, es calcula el reglatge ideal que marca la base dels objectius a assolir, consistent en l’establiment de les rigideses i amortiments desitjats per a cada moviment bàsic del vehicle.&#xd;
A continuació, es modela matemàticament el sistema hidropneumàtic mitjançant les equacions que descriuen els fenòmens físics que tenen lloc en ell. Es construeix un model de rigidesa, que permet obtenir la rigidesa lineal equivalent vista per cada roda en cada posició d’aquestes vers al xassís, i un model d’amortiment, que permet obtenir la força d’amortiment en cada posició i velocitat vertical de les rodes vers el xassís.&#xd;
El model de rigidesa està completament definit per les necessitats que es persegueixen. Es resol el model utilitzant el programari Engineering Equation Solver (EES), que implementa el mètode de Newton millorat per a la solució d’equacions algebraiques no-lineals.&#xd;
El model d’amortiment no està completament definit amb les condicions que s’imposen, per la qual cosa la solució al problema no és exacta. Una vegada implementat el reglatge de rigidesa obtingut, es resol el model mitjançant l’EES per a reglatges generats amb disseny d’experiments. L’estudi estadístic dels resultats, portat a terme mitjançant el programari modeFrontier, permet optimitzar el reglatge. Posteriorment s’estudia la bonança dels resultats produïts mitjançant un escombrat paramètric cinemàtic de la suspensió.&#xd;
Els estudis complementaris a la resolució dels models matemàtics i a l’optimització es porten a terme mitjançant el programari MATLAB, mentre que el programari Excel serveix de nexe per a l’intercanvi de resultats dins la xarxa de programes utilitzats.&#xd;
La resposta de la suspensió hidropneumàtica obtinguda millora substancialment a la suspensió mecànica convencional en quant a rigidesa i amortiment adients a cada moviment del vehicle, permetent major llibertat en l’elecció del reglatge de la suspensió. El comportament no-lineal millora les freqüències naturals aconseguides, però causa una evolució degressiva indesitjada a balanceig. L’amortiment és adient a baixa velocitat, però excessiu a alta velocitat, degut a la inexistència d’aquest reglatge.</subfield>
   </datafield>
   <datafield tag="653" ind2=" " ind1=" ">
      <subfield code="a">Àrees temàtiques de la UPC::Enginyeria mecànica::Disseny i construcció de vehicles::Automòbils</subfield>
   </datafield>
   <datafield tag="653" ind2=" " ind1=" ">
      <subfield code="a">Àrees temàtiques de la UPC::Enginyeria mecànica::Mecànica de fluids::Oleohidràulica i pneumàtica</subfield>
   </datafield>
   <datafield tag="653" ind2=" " ind1=" ">
      <subfield code="a">Automobiles -- Springs and suspension</subfield>
   </datafield>
   <datafield tag="653" ind2=" " ind1=" ">
      <subfield code="a">Pneumatics</subfield>
   </datafield>
   <datafield tag="653" ind2=" " ind1=" ">
      <subfield code="a">Hydrodynamics</subfield>
   </datafield>
   <datafield tag="653" ind2=" " ind1=" ">
      <subfield code="a">Automòbils -- Ressorts i suspensió</subfield>
   </datafield>
   <datafield tag="653" ind2=" " ind1=" ">
      <subfield code="a">Pneumàtica</subfield>
   </datafield>
   <datafield tag="653" ind2=" " ind1=" ">
      <subfield code="a">Hidrodinàmica</subfield>
   </datafield>
   <datafield ind2="0" ind1="0" tag="245">
      <subfield code="a">Obtenció dels paràmetres de reglatge de la suspensió hidropneumàtica de Creuat</subfield>
   </datafield>
</record></metadata></record></GetRecord></OAI-PMH>